The LLRC Report and international humanitarian law (Record no. 3892)

MARC details
000 -LEADER
fixed length control field 00420nam a22001457a 4500
005 - DATE AND TIME OF LATEST TRANSACTION
control field 20231102175012.0
008 - FIXED-LENGTH DATA ELEMENTS--GENERAL INFORMATION
fixed length control field 231016b2014 |||||||| |||| 00| 0 eng d
080 ## - UNIVERSAL DECIMAL CLASSIFICATION NUMBER
Classification Number 341.5
Call Number WIT
942 ## - ADDED ENTRY ELEMENTS (KOHA)
Item Type Reports
100 ## - MAIN ENTRY--PERSONAL NAME
Personal Name Withanage, Thushal
245 ## - TITLE STATEMENT
Title The LLRC Report and international humanitarian law
260 ## - PUBLICATION, DISTRIBUTION, ETC. (IMPRINT)
Place of Publication Colombo :
Name of Publisher National Peace Council of Sri Lanka,
Date of Copyright 2014
300 ## - PHYSICAL DESCRIPTION
Extent 28p
650 ## - SUBJECT ADDED ENTRY--TOPICAL TERM
Topical Term International humanitarian law
Holdings
Withdrawn status Lost status Source of classification or shelving scheme Damaged status Not for loan Permanent location Current location Date acquired Total Checkouts Full call number Barcode Date last seen Price effective from Koha item type
    Dewey Decimal Classification     Resource center, Muslim Women's Research And Action Forum Resource center, Muslim Women's Research And Action Forum 2023-11-02   341.5 WIT RAF2634 2023-11-02 2023-11-02 Reports

Copyright © 2023 Muslim Women's Research and Action Forum (MWRAF), No 27/3, Anderson Road, Kalubowila, Dehiwela. Funded by The Asia Fundation